[Event "Zhigulevskie prostory op"]
[Site "Samara"]
[Date "2008.07.30"]
[Round "6"]
[White "Yakovich, Valentina"]
[Black "Kalugin, Yury"]
[Result "1-0"]
[WhiteElo "2114"]
[BlackElo "1960"]
[PlyCount "71"]
[EventDate "2008.07.25"]
[EventType "swiss"]
[EventRounds "9"]
[EventCountry "RUS"]
[SourceTitle "EXT 2022"]
[Source "ChessBase"]
[SourceDate "2021.10.06"]
[SourceVersion "1"]
[SourceVersionDate "2021.10.06"]
[SourceQuality "1"]

1. e4 e5 2. Nf3 Nc6 3. Bc4 Nf6 4. Ng5 d5 5. exd5 Na5 6. d3 h6 7. Nf3 e4 8. Qe2 Nxc4 9. dxc4 Be7 10. Nd4 c6 11. Nc3 Bg4 12. f3 exf3 13. gxf3 Bh3 14. Be3 cxd5 15. cxd5 0-0 16. 0-0-0 Bb4 17. Nb3 Re8 18. Qf2 Qd6 19. Bd4 Qf4+ 20. Kb1 Bxc3 21. Bxc3 Ne4 22. Qd4 Nxc3+ 23. Qxc3 Rac8 24. Qd4 Qxf3 25. Rhg1 g6 26. Rg3 Qf5 27. Qd2 Bg4 28. Nd4 Qe4 29. Rdg1 Bh5 30. Qxh6 Qxd4 31. Qxh5 Qg7 32. a3 Kf8 33. Rxg6 fxg6 34. Rxg6 Re1+ 35. Ka2 Qe5 36. Qh6+ 1-0

[Event "RUS-ch 1L (Women)"]
[Site "Serpukhov"]
[Date "2004.02.??"]
[Round "9"]
[White "Cherenkova, Kristina"]
[Black "Yakovich, Valentina"]
[Result "1-0"]
[WhiteElo "2226"]
[BlackElo "2113"]
[PlyCount "40"]
[EventDate "2004.02.??"]
[EventType "swiss"]
[EventRounds "9"]
[EventCountry "RUS"]
[SourceTitle "EXT 2005"]
[Source "ChessBase"]
[SourceDate "2004.11.15"]
[SourceVersion "1"]
[SourceVersionDate "2004.11.15"]
[SourceQuality "1"]

1. d4 Nf6 2. Nf3 d5 3. c4 e6 4. e3 Be7 5. Nbd2 dxc4 6. Bxc4 a6 7. 0-0 b5 8. Be2 Bb7 9. a4 b4 10. Nb3 Qd5 11. Qc2 Nbd7 12. Bd2 a5 13. Rfc1 Bd6 14. Nc5 Ne4 15. Bc4 Bxh2+ 16. Nxh2 Qf5 17. f3 Ndxc5 18. dxc5 Nxd2 19. Qxd2 0-0 20. Bd3 Qh5 1-0

[Event "RUS-ch 1L (Women)"]
[Site "Serpukhov"]
[Date "2004.02.??"]
[Round "8"]
[White "Yakovich, Valentina"]
[Black "Nechaeva, Marina"]
[Result "1/2-1/2"]
[WhiteElo "2113"]
[BlackElo "2247"]
[PlyCount "81"]
[EventDate "2004.02.??"]
[EventType "swiss"]
[EventRounds "9"]
[EventCountry "RUS"]
[SourceTitle "EXT 2005"]
[Source "ChessBase"]
[SourceDate "2004.11.15"]
[SourceVersion "1"]
[SourceVersionDate "2004.11.15"]
[SourceQuality "1"]

1. e4 e6 2. d4 d5 3. Nd2 dxe4 4. Nxe4 Nd7 5. c3 Ngf6 6. Nxf6+ Nxf6 7. Nf3 Be7 8. Bd3 0-0 9. Qe2 b6 10. Bg5 Bb7 11. 0-0-0 a6 12. Ne5 b5 13. Bxf6 Bxf6 14. Be4 Rb8 15. f4 Qe7 16. Ng4 Rfd8 17. Rhe1 b4 18. Nxf6+ Qxf6 19. Qf3 Bxe4 20. Rxe4 bxc3 21. Qxc3 Qf5 22. Rde1 Rb6 23. Qc5 Qd5 24. Qxd5 Rxd5 25. R1e2 Rbd6 26. Rc2 f5 27. Re1 Rxd4 28. g3 c6 29. Kb1 Kf7 30. Re5 R4d5 31. Re3 Ke7 32. Rec3 Kd7 33. Rc4 e5 34. fxe5 Rxe5 35. Ra4 a5 36. b4 axb4 37. Ra7+ Ke6 38. Rxg7 c5 39. Rc7 Rdd5 40. Rxh7 Re1+ 41. Kb2 1/2-1/2

[Event "RUS-ch 1L (Women)"]
[Site "Serpukhov"]
[Date "2004.02.??"]
[Round "1"]
[White "Yakovich, Valentina"]
[Black "Semenova, Irina"]
[Result "0-1"]
[WhiteElo "2113"]
[BlackElo "2273"]
[PlyCount "54"]
[EventDate "2004.02.??"]
[EventType "swiss"]
[EventRounds "9"]
[EventCountry "RUS"]
[SourceTitle "EXT 2005"]
[Source "ChessBase"]
[SourceDate "2004.11.15"]
[SourceVersion "1"]
[SourceVersionDate "2004.11.15"]
[SourceQuality "1"]

1. e4 e5 2. Nf3 Nc6 3. Bc4 Nf6 4. Ng5 d5 5. exd5 Na5 6. Bb5+ c6 7. dxc6 bxc6 8. Be2 h6 9. Nf3 e4 10. Ne5 Bd6 11. d4 exd3 12. Nxd3 Qc7 13. Nc3 0-0 14. Be3 Re8 15. Qc1 Ba6 16. b3 c5 17. Bf3 Rad8 18. Ne2 c4 19. Ndf4 Nc6 20. g3 Ne5 21. Bg2 Neg4 22. 0-0 Nxe3 23. fxe3 Bc5 24. Kh1 Bxe3 25. Qa3 Bb7 26. bxc4 Bxg2+ 27. Nxg2 Qc6 0-1